000 00615nam a2200157 i 4500
001 159078
003 ES-MaACL
005 20230906211436.0
008 931025s1889 fr d |||| | fre d
100 1 _aMas Latrie, Louis de (
_d1815-1897)
_9129685
245 1 0 _aTrèsor de chronologie d'histoire et de gèographie pour l'étude et l'emploi des documents du mogen age /
_cpar M. Le Cte. de Mas Latrie.
260 _aParis :
_bLibrairie Victor Palme,
_c1889 (
_fImprimerie de Marchessou fils)
300 _a2299 p. ;
_c38 cm.
650 0 4 _aCronología histórica.
_911458
852 _aES-MaACL
_jC-2460
_z-- Enc. pasta
999 _c159078
_d159078